| Tag |
First Indicator |
Second Indicator |
Subfields |
| LEADER |
00000cam a22000008a 4500 |
| 001 |
in00000631621 |
| 005 |
20151015053705.0 |
| 008 |
790102s1978 nyu b 10100 engm |
| 010 |
|
|
|a 78031824
|
| 020 |
|
|
|a 0884370097 :
|c $28.95
|
| 035 |
|
|
|a (OCoLC)04569933
|
| 035 |
|
|
|9 ACU6092AM
|
| 040 |
|
|
|a DLC
|c DLC
|d OCL
|d m.c.
|d TXA
|d UtOrBLW
|
| 049 |
|
|
|a TXAM
|c [1802385]
|
| 050 |
0 |
0 |
|a HQ1106 1978
|b .P78
|
| 082 |
0 |
|
|a 301.41/2
|
| 245 |
0 |
4 |
|a The Psychology of women :
|b future directions in research /
|c edited by Julia A. Sherman & Florence L. Denmark.
|
| 263 |
|
|
|a 7812
|
| 264 |
|
1 |
|a New York, N.Y. :
|b Psychological Dimensions,
|c [1978]
|
| 264 |
|
4 |
|c ©1978
|
| 300 |
|
|
|a xxii, 758 pages ;
|c 24 cm.
|
| 336 |
|
|
|a text
|b txt
|2 rdacontent
|
| 337 |
|
|
|a unmediated
|b n
|2 rdamedia
|
| 338 |
|
|
|a volume
|b nc
|2 rdacarrier
|
| 500 |
|
|
|a Based on the proceedings of a conference sponsored by the Dept. of Curriculum and Instruction, School of Education, University of Wisconsin.
|
| 504 |
|
|
|a Includes bibliographical references and index.
|
| 650 |
|
0 |
|a Women
|x Social conditions
|v Congresses.
|
| 650 |
|
0 |
|a Women
|x Sexual behavior
|x Congresses.
|
| 650 |
|
0 |
|a Women
|x Psychology
|v Congresses.
|
| 650 |
|
0 |
|a Women
|x Employment
|v Congresses.
|
| 700 |
1 |
|
|a Sherman, Julia Ann,
|d 1934-
|
| 700 |
1 |
|
|a Denmark, Florence.
|
| 710 |
2 |
|
|a University of Wisconsin--Madison.
|b Department of Curriculum and Instruction.
|
| 711 |
2 |
|
|a New Directions for Research on Women
|d (1975 :
|c University of Wisconsin)
|
| 999 |
|
|
|a MARS
|
| 999 |
f |
f |
|s 53586a55-710a-3bda-9607-ae4c99d2b150
|i 29067025-999e-3928-8462-ecabf37ff3bf
|t 0
|
| 952 |
f |
f |
|p ric
|a Texas A&M University
|b Rellis Campus
|c Joint Library Facility
|d Remote Storage
|t 0
|e HQ1106 1978 .P78
|h Library of Congress classification
|i unmediated -- volume
|m A14802976482
|
| 998 |
f |
f |
|a HQ1106 1978 .P78
|t 0
|l Remote Storage
|